000 00432nam a22001817a 4500
003 koha_MIRAKIL
005 20231213095417.0
008 231213b |||||||| |||| 00| 0 ||| d
020 _b978-9-75210392-4
040 _aTR-IsEVY
_btur
_cTR-IsEVY
082 _a810 TAN/P
100 _aTAN, CANAN.
245 0 _aPİRAYE.
260 _bALTIN KİTAPLAR,
_c2010
300 _a[ ] p.
650 _aTürk Edebiyatı.
942 _2ddc
_cBK
999 _c3154
_d3154